000
00301nam a2200109Ia 4500
008
171211s9999 xx 000 0 und d
245
_a
Girls' Gymnastics (Girls' Sportszone)
245
_c
Blythe Lawrence
260
_c
2013
650
_x
FITNESS
856
_u
http://down.ebook777.com/061/1617839868.pdf
999
_c
349105
_d
349105